[Event "FIDE Women's World Teams"]
[Site "Astana KAZ"]
[Date "2013.03.03"]
[Round "1.1"]
[White "Lahno,Kateri"]
[Black "Karavade,E"]
[Result "1/2-1/2"]
[WhiteElo "2547"]
[BlackElo "2387"]
[EventDate "2013.03.03"]

1. e4 c5 2. Nf3 d6 3. d4 cxd4 4. Nxd4 Nf6 5. f3 e5 6. Nb3 Be6 7. c4 Qc7 8. Na3
a6 9. Be3 Be7 10. Be2 O-O 11. O-O Nfd7 12. Rc1 Nc6 13. Nb1 Nc5 14. Na1 f5 15.
exf5 Bxf5 16. Nc3 Qd8 17. Nc2 Bg5 18. Qd2 Bxe3+ 19. Nxe3 Bg6 20. Ned5 Nd4 21.
Rcd1 Qh4 22. b3 Kh8 23. Qe1 Qh6 24. Qd2 Qh4 25. Qe1 Qh6 26. Qd2 Qh4 1/2-1/2

[Event "FIDE Women's World Teams"]
[Site "Astana KAZ"]
[Date "2013.03.03"]
[Round "1.3"]
[White "Muzychuk,M"]
[Black "Padmini,R"]
[Result "1-0"]
[WhiteElo "2479"]
[BlackElo "2316"]
[EventDate "2013.03.03"]

1. e4 c5 2. Nf3 d6 3. d4 cxd4 4. Nxd4 Nf6 5. Nc3 a6 6. h3 e6 7. g4 Be7 8. g5
Nfd7 9. h4 b5 10. a3 Bb7 11. Be3 Nb6 12. Nxe6 fxe6 13. Qd4 Na4 14. Qxg7 Kd7 15.
Bd4 Nxc3 16. Qxh8 Qxh8 17. Bxh8 Nxe4 18. Bg2 Nc6 19. Bxe4 Rxh8 20. f4 d5 21. Bd3
Bc5 22. f5 exf5 23. Bxf5+ Kd6 24. O-O-O Be3+ 25. Kb1 Nd4 26. Bg4 Nc6 27. Rhe1
Ne5 28. Rxe3 Nxg4 29. Re2 Bc8 30. Rde1 Bd7 31. Re7 h6 32. Rg7 hxg5 33. hxg5 Bf5
34. Ra7 Rg8 35. Rxa6+ Kd7 36. Rb6 Rxg5 37. Rxb5 Nf6 38. Re2 Kc6 39. Rb8 Ne4 40.
a4 d4 41. Ka2 Rg1 42. a5 d3 43. Rb6+ Kd5 44. cxd3 Nc5 45. a6 Rg7 46. Rh2 Kd4 47.
Rh5 Nxa6 48. Rxf5 Nc7 49. Rd6+ Ke3 50. b4 1-0

[Event "FIDE Women's World Teams"]
[Site "Astana KAZ"]
[Date "2013.03.03"]
[Round "1.3"]
[White "L'Ami,Alina"]
[Black "Galliamova,A"]
[Result "0-1"]
[WhiteElo "2353"]
[BlackElo "2459"]
[EventDate "2013.03.03"]

1. d4 d5 2. c4 dxc4 3. Nf3 e6 4. e3 Nf6 5. Bxc4 a6 6. O-O Nbd7 7. a4 c5 8. b3
Bd6 9. Bb2 O-O 10. Qd3 Nb6 11. e4 Be7 12. e5 Nfd5 13. Nbd2 cxd4 14. Qxd4 Nb4 15.
Qg4 Nxc4 16. Nxc4 Qd3 17. Nd6 Nd5 18. Qc4 Qg6 19. Rac1 Bd7 20. Nxb7 Rfb8 21. Na5
Rb4 22. Qc2 Qxc2 23. Rxc2 Bd8 24. Nc6 Bxc6 25. Rxc6 Rxb3 26. Bd4 g5 27. Rfc1 g4
28. Nd2 Rd3 29. Rc8 Rxc8 30. Rxc8 Rxd2 0-1

[Event "FIDE Women's World Teams"]
[Site "Astana KAZ"]
[Date "2013.03.03"]
[Round "1.4"]
[White "Girya,O"]
[Black "Voicu,C"]
[Result "1-0"]
[WhiteElo "2440"]
[BlackElo "2281"]
[EventDate "2013.03.03"]

1. d4 Nf6 2. c4 c5 3. d5 e6 4. Nc3 exd5 5. cxd5 d6 6. Nf3 g6 7. Nd2 Nbd7 8. e4
Bg7 9. Be2 O-O 10. O-O Re8 11. a4 Ne5 12. Ra3 g5 13. Qc2 Qe7 14. Nd1 Ng6 15. Bb5
Rd8 16. Ne3 Rb8 17. a5 Nh5 18. Re1 Nhf4 19. Ndf1 Be5 20. Nf5 Qf6 21. N1e3 h5 22.
Bf1 Ne7 23. Nxe7+ Qxe7 24. Nc4 Bg7 25. h4 Bg4 26. hxg5 Nxd5 27. Qd2 Nc7 28. Rd3
Nb5 29. Ne3 Nd4 30. Nf5 Qe5 31. Nxg7 Qxg7 32. b4 d5 33. bxc5 dxe4 34. Rxe4 Ne6
35. Rxd8+ Rxd8 36. Qxd8+ Nxd8 37. Re8+ Qf8 38. Rxf8+ Kxf8 39. Bf4 Ke7 40. f3 Be6
41. Be5 Nc6 42. Bc3 Bd5 43. Kh2 Ke6 44. Kg3 Ne5 45. Kh4 Nc4 46. Bd3 Ne3 47. Bd2
Nc4 48. Be1 Ne5 49. Be2 Ng6+ 50. Kg3 Kf5 51. Bd2 h4+ 52. Kh3 Ke5 53. Bc3+ Kf4
54. Bd2+ Ke5 55. Bc3+ Kf4 56. Bf6 Ke3 57. Bb5 a6 58. Be8 Nf4+ 59. Kxh4 Nxg2+ 60.
Kh5 Kxf3 61. Kh6 Nf4 62. Kh7 Kg4 63. Kg8 Kf5 64. Bxf7 Bf3 65. Kf8 Nh5 66. Ke7
Bg4 67. Be6+ Kf4 68. g6 Bf5 69. g7 1-0

[Event "FIDE Women's World Teams"]
[Site "Astana KAZ"]
[Date "2013.03.03"]
[Round "1.2"]
[White "Krush,I"]
[Black "Dauletova,G"]
[Result "1-0"]
[WhiteElo "2448"]
[BlackElo "2265"]
[EventDate "2013.03.03"]

1. c4 e5 2. g3 Nc6 3. Bg2 f5 4. Nc3 Nf6 5. Rb1 a5 6. e3 d5 7. cxd5 Nb4 8. d3
Nfxd5 9. Nxd5 Nxd5 10. Nf3 Bd6 11. O-O Nf6 12. b3 O-O 13. Bb2 Qe7 14. Qc2 c6 15.
e4 fxe4 16. dxe4 Bg4 17. Nh4 g6 18. h3 Be6 19. Nf3 Nd7 20. Rbd1 Bc7 21. Rd2 h6
22. Rfd1 Rf7 23. Qc1 Kh7 24. Ba3 c5 25. Rxd7 Bxd7 26. Bxc5 Qe8 27. Be3 Rc8 28.
Bxh6 Kh8 29. Qg5 Kh7 30. Qh4 Kg8 31. Qg5 Kh7 32. Qd2 Bd8 33. Ng5+ Bxg5 34. Bxg5
a4 35. Be3 axb3 36. axb3 Be6 37. Qb4 Rd7 38. Ra1 Qf7 39. Qb5 Qg7 40. h4 Rc3 41.
b4 Bc4 42. Qb6 Bd3 43. Bc5 Be2 44. Qe6 Bc4 45. Qe8 Bb5 46. Qe6 Be2 47. Ra8 Bf3
48. Re8 Rcd3 49. Qxe5 Qxe5 50. Rxe5 Kg7 51. Rg5 Rd1+ 52. Kh2 Bxg2 53. Kxg2 Kf7
54. h5 gxh5 55. Rxh5 Kg6 56. Rh8 Re1 57. Re8 Rf7 58. f4 Rd7 59. Kf3 Kf7 60. Rf8+
Kg7 61. Rb8 Rd3+ 62. Kg4 Rxe4 63. Rxb7+ Kf6 64. b5 Rc4 65. Rc7 Ke6 66. b6 Rb3
67. Be7 Rd4 68. Bc5 Rc4 69. Kh4 Kd5 70. Be7 Rxb6 71. Rxc4 Kxc4 72. f5 Kd5 73. g4
Rb1 74. Kh5 Rg1 75. g5 Ke5 76. f6 Ke6 77. g6 Rg2 78. Kh6 Rh2+ 79. Kg7 Rf2 80.
Bd8 Rd2 81. f7 Rd7 82. Kg8 1-0

[Event "FIDE Women's World Teams"]
[Site "Astana KAZ"]
[Date "2013.03.03"]
[Round "1.3"]
[White "Saduakassova,D"]
[Black "Foisor,S"]
[Result "1/2-1/2"]
[WhiteElo "2353"]
[BlackElo "2323"]
[EventDate "2013.03.03"]

1. d4 Nf6 2. c4 e5 3. dxe5 Ng4 4. Bf4 Nc6 5. Nf3 Bb4+ 6. Nbd2 Qe7 7. a3 Bxd2+ 8.
Qxd2 Ngxe5 9. Nxe5 Nxe5 10. e3 O-O 11. Be2 d6 12. O-O Bf5 13. Rad1 Rfe8 14. Bg3
b6 15. f3 Rad8 16. e4 Be6 17. Qc3 f6 18. f4 Nd7 19. Bd3 a5 20. Bb1 Nf8 21. Rde1
Qf7 22. Ba2 Kh8 23. Rf2 Bc8 24. Bb1 Ba6 25. Ba2 Ng6 26. e5 dxe5 27. fxe5 Qe7 28.
e6 Qc5 29. b4 axb4 30. axb4 Qd4 31. Qxd4 Rxd4 32. Bxc7 Bxc4 33. Bxb6 Rxe6 34.
Rff1 Rde4 35. Bxc4 Rxe1 36. Bxe6 Rxe6 37. Bc5 Re5 38. g3 h5 39. Rc1 Re2 40. Bd4
Ne5 41. Bxe5 Rxe5 42. Rb1 Rb5 43. Kf2 Kg8 44. Ke3 Kf7 45. Kd4 Ke6 46. Kc4 Rb8
47. b5 g5 48. b6 f5 49. Kc5 f4 50. gxf4 gxf4 51. b7 f3 52. Kc6 Ke5 53. Kc7 Rxb7+
54. Kxb7 h4 55. Kc6 h3 56. Rb8 Ke4 57. Kd6 f2 58. Rf8 Ke3 59. Ke5 Ke2 60. Ke4
f1=Q 61. Rxf1 Kxf1 62. Kf3 Ke1 63. Kg3 Ke2 64. Kxh3 Kf3 1/2-1/2

[Event "FIDE Women's World Teams"]
[Site "Astana KAZ"]
[Date "2013.03.03"]
[Round "1.4"]
[White "Ni,V"]
[Black "Davletbayeva,M"]
[Result "0-1"]
[WhiteElo "2263"]
[BlackElo "2272"]
[EventDate "2013.03.03"]

1. d4 Nf6 2. c4 e6 3. Nc3 Bb4 4. g3 O-O 5. Bg2 d5 6. Nf3 dxc4 7. a3 Bxc3+ 8.
bxc3 c5 9. O-O Nc6 10. a4 Re8 11. Ba3 cxd4 12. cxd4 Qa5 13. Qc2 e5 14. dxe5 Nxe5
15. Bb2 Nxf3+ 16. Bxf3 Bh3 17. Rfd1 Qc7 18. Rd4 Rac8 19. Bc3 Qc5 20. Rad1 Bf5
21. e4 Bg4 22. Bxg4 Nxg4 23. Rd5 Qe7 24. h3 Nf6 25. Re5 Qc7 26. Rxe8+ Rxe8 27.
e5 Nd7 28. Qe4 h6 29. f4 Nb6 30. a5 Na4 31. Bb4 c3 32. Qd5 b6 33. Qb5 Rd8 34.
Qxa4 c2 35. Rxd8+ Qxd8 36. Ba3 Qd1+ 37. Kf2 Qd2+ 38. Kf3 b5 39. Qb3 Qd1+ 0-1

[Event "FIDE Women's World Teams"]
[Site "Astana KAZ"]
[Date "2013.03.03"]
[Round "1.3"]
[White "Cemhan,K"]
[Black "Javakhishvili,L"]
[Result "0-1"]
[WhiteElo "2025"]
[BlackElo "2464"]
[EventDate "2013.03.03"]

1. e4 c5 2. Nf3 e6 3. d4 cxd4 4. Nxd4 Nc6 5. Nb5 d6 6. c4 Nf6 7. N1c3 a6 8. Na3
Be7 9. Be3 b6 10. Be2 Bb7 11. O-O O-O 12. f3 Ne5 13. Qb3 Nfd7 14. Rfd1 Qc7 15.
Rac1 Rac8 16. Bf1 Kh8 17. Ne2 Ba8 18. Nd4 g5 19. Nb1 g4 20. Nd2 gxf3 21. gxf3
Rg8+ 22. Kh1 Qd8 23. Bg2 Nc5 24. Qc3 Bf6 25. Qa3 Ng6 26. b4 Nd7 27. Qd3 Be5 28.
Ne2 Nh4 29. Bh3 f5 30. Bd4 Qf6 31. Rg1 Nxf3 32. Qxf3 Bxd4 33. Nxd4 Qxd4 34. Qe2
Nf6 35. Bg2 Nxe4 36. Nxe4 Rxg2 37. Rxg2 Qxe4 38. Qb2+ e5 39. Rg1 Rg8 0-1

[Event "FIDE Women's World Teams"]
[Site "Astana KAZ"]
[Date "2013.03.03"]
[Round "1.4"]
[White "Khurtsidze,N"]
[Black "Sop,S"]
[Result "1-0"]
[WhiteElo "2437"]
[BlackElo "2028"]
[EventDate "2013.03.03"]

1. d4 d5 2. c4 c6 3. Nf3 Nf6 4. e3 e6 5. Bd3 Nbd7 6. Nbd2 Bd6 7. O-O O-O 8. e4
e5 9. cxd5 cxd5 10. Re1 dxe4 11. Nxe4 Nxe4 12. Rxe4 exd4 13. Rh4 g6 14. Bh6 Re8
15. Rxd4 Bc5 16. Rd5 Qb6 17. Qc2 Bf8 18. Be3 Rxe3 19. fxe3 Qxe3+ 20. Kh1 Qe6 21.
Rd4 Nf6 22. Rd8 Ng4 23. Qc5 1-0

[Event "FIDE Women's World Teams"]
[Site "Astana KAZ"]
[Date "2013.03.03"]
[Round "1.2"]
[White "Safranska,A"]
[Black "Tan Zhongyi"]
[Result "0-1"]
[WhiteElo "2328"]
[BlackElo "2471"]
[EventDate "2013.03.03"]

1. Nf3 Nf6 2. g3 b5 3. Bg2 Bb7 4. O-O e6 5. d3 Be7 6. e4 d6 7. Re1 O-O 8. a4 a6
9. axb5 axb5 10. Rxa8 Bxa8 11. Nc3 b4 12. Ne2 c5 13. b3 Nbd7 14. Bb2 Bc6 15. Qd2
Qc7 16. Ra1 Qb7 17. h3 Ne8 18. Ne1 Nc7 19. Qc1 Nb5 20. Ra2 e5 21. h4 f5 22. exf5
Bxg2 23. Nxg2 Qf3 24. Qe1 Rxf5 25. Ne3 Rf7 26. Nf1 Qc6 27. Nh2 d5 28. Bc1 h6 29.
Bd2 Qg6 30. Kh1 Na3 31. Ng1 Bd6 32. Qe2 c4 33. dxc4 Bc5 34. Be1 dxc4 35. bxc4
Qc6+ 36. f3 Qb6 37. Nh3 Nf6 38. Nf2 Qc6 39. Kg2 e4 40. Nxe4 Re7 41. Nxf6+ Qxf6
42. Qd2 Qe6 43. Bf2 Bxf2 44. Kxf2 Qxc4 45. Rb2 Qc5+ 46. Kg2 Nc4 47. Qxb4 Re2+
48. Kh1 Qd4 49. Rb1 Rxc2 50. Rf1 Qd3 51. Re1 Ne3 52. Qa5 Rxh2+ 0-1

[Event "FIDE Women's World Teams"]
[Site "Astana KAZ"]
[Date "2013.03.03"]
[Round "1.3"]
[White "Guo Qi"]
[Black "Collas,S"]
[Result "1-0"]
[WhiteElo "2435"]
[BlackElo "2282"]
[EventDate "2013.03.03"]

1. d4 Nf6 2. Nf3 e6 3. c4 c5 4. d5 b5 5. Bg5 exd5 6. cxd5 d6 7. e4 a6 8. a4 Be7
9. Bxf6 Bxf6 10. axb5 Bxb2 11. Ra2 Bf6 12. Nbd2 O-O 13. Bd3 Bb7 14. O-O axb5 15.
Rxa8 Bxa8 16. Bxb5 Nd7 17. Qc2 Ne5 18. Nxe5 Bxe5 19. Nc4 Bd4 20. Qa4 Bb7 21. Qa7
Bc8 22. Qb8 Qh4 23. Qxd6 Qxe4 24. Qc6 Bg4 25. h3 Bh5 26. Nb6 g5 27. d6 Qxc6 28.
Bxc6 Rb8 29. d7 f5 30. Re1 Kf8 31. Nc8 Bf6 32. Re6 1-0

[Event "FIDE Women's World Teams"]
[Site "Astana KAZ"]
[Date "2013.03.04"]
[Round "2.1"]
[White "Karavade,E"]
[Black "Milliet,S"]
[Result "1/2-1/2"]
[WhiteElo "2387"]
[BlackElo "2401"]
[EventDate "2013.03.03"]

1. d4 Nf6 2. c4 e6 3. Nf3 b6 4. g3 Bb7 5. Bg2 Be7 6. O-O O-O 7. Re1 d5 8. cxd5
exd5 9. Nc3 c5 10. dxc5 bxc5 11. Qb3 Qb6 12. Rd1 Na6 13. Nh4 g6 14. Bxd5 Nxd5
15. Nxd5 Bxd5 16. Rxd5 Qe6 17. Bf4 Bxh4 18. gxh4 Qxe2 19. Rad1 Nb4 20. R5d2 Qg4+
21. Qg3 Qxg3+ 22. hxg3 Nxa2 23. Bd6 Rfc8 24. Rc2 Nb4 25. Rxc5 Rxc5 26. Bxc5 Nc6
27. Rd6 Ne5 28. b4 a6 29. Kg2 h5 30. Bd4 Nc4 31. Rc6 Na3 32. Kf3 Nb5 33. Bf6 Kf8
34. Rb6 Ke8 35. Ke4 Kd7 36. Be5 Ra7 37. Kd5 Nc7+ 38. Bxc7 Kxc7 39. Rf6 Kc8 40.
Kc5 Rc7+ 41. Kb6 Rb7+ 42. Ka5 Rb5+ 43. Kxa6 Rxb4 44. Rxf7 Kd8 45. Ka5 Rg4 46.
Kb5 Ke8 47. Ra7 Re4 48. Kc5 Kf8 49. Ra2 Kf7 50. Kd5 Re1 51. Kd4 Kf6 52. Kd3 Kf5
53. Ra5+ Kf6 54. Ra4 Rb1 55. Ke4 Rb2 56. f3 Rb3 57. Kf4 Rb6 58. Ke4 Re6+ 59. Kf4
Rb6 60. g4 hxg4 61. fxg4 Rb7 62. g5+ Kg7 63. Ke5 Rb5+ 64. Ke6 Rb6+ 65. Kd5 Rb5+
66. Kd6 Rb6+ 67. Kc5 Rb7 68. Rd4 Rc7+ 69. Kd6 Rc1 70. Ke5 Re1+ 71. Re4 Ra1 72.
Kd5 Ra5+ 73. Kc6 Ra6+ 74. Kb5 Ra7 75. Kb6 Ra1 1/2-1/2

[Event "FIDE Women's World Teams"]
[Site "Astana KAZ"]
[Date "2013.03.04"]
[Round "2.2"]
[White "Maisuradze,N"]
[Black "Mohota,N"]
[Result "1/2-1/2"]
[WhiteElo "2330"]
[BlackElo "2325"]
[EventDate "2013.03.03"]

1. d4 Nf6 2. c4 g6 3. Nc3 Bg7 4. e4 d6 5. Nf3 O-O 6. h3 e5 7. Be3 exd4 8. Nxd4
Re8 9. Bd3 Nbd7 10. Qc2 Nc5 11. O-O Bd7 12. Rfe1 Nxd3 13. Qxd3 Bc6 14. Bg5 Qc8
15. c5 dxc5 16. Nxc6 bxc6 17. Rad1 Rb8 18. e5 Nd5 19. Nxd5 cxd5 20. Qxd5 Qf5 21.
f4 Rxb2 22. Qd8 Qc8 23. Qxc8 Rxc8 24. Rd7 h6 25. Bd8 Rb6 26. g4 Rb4 27. Bxc7 Rd4
28. Rxd4 cxd4 29. Bd6 Rc2 30. a3 d3 31. Rd1 d2 32. Kf2 Bf8 33. h4 Bxd6 34. exd6
Kf8 35. Ke2 Ke8 36. Rxd2 Rxd2+ 37. Kxd2 Kd7 38. Kd3 Kxd6 39. Kd4 f5 40. gxf5
gxf5 41. h5 a6 42. a4 a5 43. Kc4 Kc6 44. Kd4 Kd6 1/2-1/2

[Event "FIDE Women's World Teams"]
[Site "Astana KAZ"]
[Date "2013.03.04"]
[Round "2.3"]
[White "Gomes,Mary"]
[Black "Safranska,A"]
[Result "1/2-1/2"]
[WhiteElo "2387"]
[BlackElo "2328"]
[EventDate "2013.03.03"]

1. Nf3 Nf6 2. g3 g6 3. b3 Bg7 4. Bb2 O-O 5. Bg2 d6 6. d4 c5 7. c4 d5 8. dxc5
dxc4 9. O-O Nc6 10. Nbd2 Qa5 11. Nxc4 Qxc5 12. Nce5 Rd8 13. Qc1 Qxc1 14. Raxc1
Nxe5 15. Bxe5 Ne8 16. Rfd1 Bg4 17. Bxg7 Kxg7 18. Ne5 Bxe2 19. Rxd8 Rxd8 20. Bxb7
Rd2 21. a4 Nd6 22. Bg2 Rb2 23. Nc6 Kf6 24. Re1 Nf5 25. b4 a6 26. h3 h5 27. Ra1
e5 28. b5 Nd4 29. bxa6 Bxa6 30. a5 Ne2+ 31. Kh1 h4 32. gxh4 Nf4 33. Nd8 Rxf2 34.
Bb7 Bd3 35. a6 Bxa6 36. Rxa6+ Kg7 37. Ra3 Rd2 38. Nc6 f6 39. Na5 Kh6 40. Nc4
Rd1+ 41. Kh2 Rc1 42. Ne3 f5 43. Bf3 Rb1 44. Ng2 Rb2 45. Kg3 Nxg2 46. Bxg2 f4+
47. Kf3 e4+ 48. Kxe4 Rxg2 49. Kxf4 Rg1 50. Ra5 Rf1+ 51. Ke4 1/2-1/2

[Event "FIDE Women's World Teams"]
[Site "Astana KAZ"]
[Date "2013.03.04"]
[Round "2.4"]
[White "Benmesbah,N"]
[Black "Soumya,Sw"]
[Result "0-1"]
[WhiteElo "2266"]
[BlackElo "2283"]
[EventDate "2013.03.03"]

1. e4 c5 2. Nf3 d6 3. d4 cxd4 4. Nxd4 Nf6 5. Nc3 a6 6. h3 e6 7. g4 Be7 8. g5
Nfd7 9. h4 b5 10. a3 Bb7 11. Be3 Nc6 12. Qd2 Nde5 13. O-O-O Ng4 14. Nxc6 Bxc6
15. Bd4 e5 16. Bh3 exd4 17. Qxd4 Ne5 18. f4 Qc7 19. Nd5 Bxd5 20. exd5 Qc4 21.
fxe5 Qxd4 22. Rxd4 dxe5 23. Rd3 Bd6 24. Rc3 Ke7 25. Bf5 g6 26. Bg4 h6 27. Re1
hxg5 28. hxg5 Rh4 29. Re4 Rh1+ 30. Kd2 Rb1 31. Rb3 Rb8 32. Bd1 a5 33. c4 bxc4
34. Rxb8 Bxb8 35. Kc2 Ra1 36. Rxc4 Kd6 37. Rc6+ Kxd5 38. Rf6 Ba7 39. Rxf7 Be3
40. Rf6 e4 41. Rf1 Rc1+ 42. Kb3 Bxg5 43. Be2 Rxf1 44. Bxf1 Kd4 45. Kc2 Ke3 46.
Kd1 Kf2 47. Bb5 Bf6 48. a4 Bxb2 49. Be8 g5 50. Bh5 Bc3 51. Bg4 Bb4 52. Bh5 e3
53. Bg4 Kg3 54. Bd7 Kf3 0-1

[Event "FIDE Women's World Teams"]
[Site "Astana KAZ"]
[Date "2013.03.04"]
[Round "2.1"]
[White "Dzagnidze,N"]
[Black "Ju Wenjun"]
[Result "0-1"]
[WhiteElo "2554"]
[BlackElo "2505"]
[EventDate "2013.03.03"]

1. d4 f5 2. e4 fxe4 3. Nc3 Nf6 4. Bg5 Nc6 5. f3 d5 6. Bb5 Qd6 7. Bxf6 exf6 8.
fxe4 dxe4 9. Nge2 Bg4 10. d5 a6 11. dxc6 axb5 12. cxb7 Rb8 13. Qxd6 Bxd6 14.
Nxe4 Be5 15. Nf2 Bf5 16. O-O-O Rxb7 17. Nd4 Bd7 18. Nb3 Bf5 19. Nd3 Bd6 20. Rhf1
Bxd3 21. Rxd3 Kf7 22. a3 b4 23. a4 Ra8 24. a5 Rb5 25. g3 Ra6 26. Rd4 Rh5 27. Rf2
Ke6 28. Re2+ Re5 29. Kd2 c5 30. Rh4 h6 31. Rxe5+ fxe5 32. Kd3 Kd5 33. c4+ bxc3
34. bxc3 Bc7 35. Ra4 Bd8 36. c4+ Kc6 37. Ke4 Bf6 38. Ra1 Ra8 39. a6 Bd8 40. Kxe5
Bf6+ 41. Kf5 Bxa1 42. Nxa1 Rxa6 43. Nc2 Ra2 44. Ne3 Rxh2 45. Kg6 Re2 46. Nf5 Re4
47. Kxg7 Rxc4 48. Kxh6 Re4 0-1

[Event "FIDE Women's World Teams"]
[Site "Astana KAZ"]
[Date "2013.03.04"]
[Round "2.2"]
[White "Huang Qian"]
[Black "Khotenashvili,B"]
[Result "1-0"]
[WhiteElo "2476"]
[BlackElo "2499"]
[EventDate "2013.03.03"]

1. Nf3 d5 2. d4 Nf6 3. c4 e6 4. Nc3 Bb4 5. cxd5 exd5 6. Bg5 h6 7. Bh4 c5 8. e3
c4 9. Be2 g5 10. Bg3 Ne4 11. Rc1 Qa5 12. O-O Bxc3 13. bxc3 O-O 14. Ne5 f6 15.
Nxc4 dxc4 16. Bxc4+ Kg7 17. Bd3 Nxg3 18. fxg3 Nc6 19. h4 Bd7 20. e4 Rad8 21. Qf3
g4 22. Qe2 Ne7 23. Kh2 Rde8 24. Bb1 Qh5 25. Qd3 Ng6 26. Kg1 Qb5 27. Qd2 Qa5 28.
Rf2 Qc7 29. Qd3 h5 30. Rcf1 Qb6 31. Qd2 Qd8 32. Kh2 b5 33. Kg1 Qe7 34. Qd3 Qe6
35. Qd2 Qd6 36. Qd3 a5 37. Kh2 Rc8 38. Kg1 Qc6 39. Rc1 Qd6 40. Qe3 Rce8 41. Rcf1
Qb6 42. Qd3 Rd8 43. Qe3 Rde8 44. Qd3 Rc8 45. Qe3 b4 46. cxb4 axb4 47. e5 f5 48.
Bxf5 Bxf5 49. Rxf5 Rxf5 50. Rxf5 Rc4 51. Kh2 Qxd4 52. Qg5 Rc6 53. e6 Rxe6 54.
Rd5 Qa7 55. Qd2 Qb6 56. Rxh5 Re3 57. Rg5 Kh6 58. Rxg4 Qe6 59. Rxb4 Qe5 60. Qf2
Re2 61. Qf7 Re3 62. Rg4 Ne7 63. Rg5 1-0

[Event "FIDE Women's World Teams"]
[Site "Astana KAZ"]
[Date "2013.03.04"]
[Round "2.3"]
[White "Javakhishvili,L"]
[Black "Tan Zhongyi"]
[Result "1/2-1/2"]
[WhiteElo "2464"]
[BlackElo "2471"]
[EventDate "2013.03.03"]

1. d4 d5 2. c4 e6 3. Nf3 Nf6 4. Nc3 Bb4 5. cxd5 exd5 6. Bg5 h6 7. Bh4 c5 8. e3
c4 9. Be2 O-O 10. Nd2 g5 11. Bg3 Bf5 12. Qc1 Nc6 13. O-O Re8 14. a3 Bxc3 15.
Qxc3 Qa5 16. b4 cxb3 17. Qb2 Qb6 18. Nxb3 Na5 19. Bd1 Rac8 20. Re1 Ne4 21. Ra2
Nc3 22. Nxa5 Nxa2 23. Qxb6 axb6 24. Nxb7 Rc1 25. Nd6 Re6 26. Nxf5 Nc3 27. Bd6
Rxd1 28. Rxd1 Nxd1 29. Bb4 Kh7 30. Ne7 Nc3 31. g4 h5 32. gxh5 g4 33. Kg2 Kh6 34.
Ng8+ Kg5 35. h6 Kg6 36. Bxc3 Kh7 37. Kg3 Kxg8 38. Kxg4 Rxh6 39. h4 Kg7 40. f3
Rc6 41. Bb4 Kf6 42. Kf4 Ke6 43. Bf8 Rc8 44. Bb4 Rg8 45. Bd2 Rg2 46. Bb4 Rh2 47.
Kg4 Kf6 48. Bd6 Rh1 49. Bc7 b5 50. Bd8+ Kg6 51. Be7 f6 52. Bc5 Rg1+ 53. Kf4 Rh1
54. Kg4 Rg1+ 1/2-1/2

[Event "FIDE Women's World Teams"]
[Site "Astana KAZ"]
[Date "2013.03.04"]
[Round "2.4"]
[White "Guo Qi"]
[Black "Melia,S"]
[Result "1/2-1/2"]
[WhiteElo "2435"]
[BlackElo "2419"]
[EventDate "2013.03.03"]

1. d4 Nf6 2. c4 e6 3. Nf3 Bb4+ 4. Bd2 Bxd2+ 5. Qxd2 d5 6. g3 Nbd7 7. Bg2 c6 8.
O-O O-O 9. Qc2 b6 10. Rd1 Bb7 11. b3 Rc8 12. Nc3 Qe7 13. e4 dxe4 14. Ne5 Rfd8
15. Nxe4 Nxe5 16. dxe5 Nxe4 17. Bxe4 h6 18. Rxd8+ Rxd8 19. Rd1 Rd7 20. Rd3 c5
21. Bxb7 Rxd3 22. Qxd3 Qxb7 23. h4 h5 24. Qd8+ Kh7 25. Qd3+ Kg8 26. Qd8+ Kh7 27.
Qd3+ Kg8 28. Qd8+ Kh7 29. Qd3+ Kg8 30. Qd8+ Kh7 31. Qd3+ 1/2-1/2

[Event "FIDE Women's World Teams"]
[Site "Astana KAZ"]
[Date "2013.03.04"]
[Round "2.4"]
[White "Kaya,E"]
[Black "Ni,V"]
[Result "0-1"]
[WhiteElo "1995"]
[BlackElo "2263"]
[EventDate "2013.03.03"]

1. e4 c5 2. Nf3 Nc6 3. Bb5 e6 4. O-O Nge7 5. Nc3 a6 6. Bxc6 Nxc6 7. d4 cxd4 8.
Nxd4 Qc7 9. Re1 Be7 10. Nd5 exd5 11. exd5 O-O 12. dxc6 dxc6 13. Qf3 Bd6 14. h4
Qa5 15. Bf4 Bxf4 16. Qxf4 Qb4 17. Ne6 Qxf4 18. Nxf4 Bf5 19. Re7 b5 20. Re5 g6
21. Rc5 Rac8 22. f3 Rfd8 23. g4 Rd4 24. gxf5 Rxf4 25. fxg6 hxg6 26. h5 Rxf3 27.
Kg2 Rf6 28. Re1 Rd8 29. Re2 Rd4 30. Kg3 Kg7 31. hxg6 Rxg6+ 32. Kf3 Rdg4 33. b3
R4g5 34. Rce5 Rf6+ 0-1

[Event "FIDE Women's World Teams"]
[Site "Astana KAZ"]
[Date "2013.03.04"]
[Round "2.1"]
[White "Gunina,V"]
[Black "Nakhbayeva,G"]
[Result "0-1"]
[WhiteElo "2505"]
[BlackElo "2344"]
[EventDate "2013.03.03"]

1. d4 Nf6 2. c4 e6 3. Nf3 Bb4+ 4. Bd2 a5 5. Nc3 b6 6. e3 Bb7 7. Bd3 O-O 8. O-O
d5 9. cxd5 exd5 10. Qc2 Be7 11. Ne5 c5 12. dxc5 bxc5 13. Na4 Qd6 14. Bc3 d4 15.
exd4 cxd4 16. Rfd1 Qxe5 17. Bxd4 Qg5 18. Bf1 Na6 19. Nb6 Rad8 20. Bxf6 Bxf6 21.
Nd7 Rfe8 22. Qb3 Nb4 23. a3 Bd5 24. Qa4 Nc6 25. Nb6 Nd4 26. Rxd4 Bxd4 27. Qxd4
Bxg2 28. h4 Qg6 29. Qc5 Bb7+ 30. Kh2 Re4 31. Bh3 Rxh4 32. Rg1 Rxh3+ 0-1

[Event "FIDE Women's World Teams"]
[Site "Astana KAZ"]
[Date "2013.03.04"]
[Round "2.3"]
[White "Pogonina,N"]
[Black "Davletbayeva,M"]
[Result "1-0"]
[WhiteElo "2475"]
[BlackElo "2272"]
[EventDate "2013.03.03"]

1. e4 e5 2. Nf3 Nc6 3. Bb5 a6 4. Ba4 Nf6 5. O-O Nxe4 6. d4 b5 7. Bb3 d5 8. dxe5
Be6 9. Nbd2 Be7 10. c3 O-O 11. Bc2 f5 12. exf6 Nxf6 13. Nb3 Qd7 14. Nbd4 Nxd4
15. Nxd4 Bd6 16. Nxe6 Qxe6 17. Re1 Qf7 18. Be3 Rae8 19. Qf3 c6 20. Bd4 Rxe1+ 21.
Rxe1 Re8 22. Rxe8+ Qxe8 23. g3 Qe7 24. Qf5 Qd7 25. b4 Qxf5 26. Bxf5 Kf7 27. f3
Bc7 28. Kf2 a5 29. a3 g6 30. Bc8 Ng8 31. Bd7 Ne7 32. Ke3 axb4 33. axb4 Bd6 34.
Kd3 h5 35. f4 Bb8 36. Bc5 h4 37. Be3 hxg3 38. hxg3 Nf5 39. Bf2 Nd6 40. Bxc6 Ke6
41. Be1 Ba7 42. g4 Bb6 43. Bd2 Bd8 44. Be3 Bc7 45. Bd4 Bd8 46. Bc5 Ne4 47. Bxb5
Nxc5+ 48. bxc5 Be7 49. Be8 Bxc5 50. Bxg6 Kf6 51. Be8 Bf2 52. Bd7 Bg3 53. Ke3 Bh2
54. Kf3 Bg1 55. g5+ Ke7 56. Bc6 Kd6 57. g6 Ke6 58. Bxd5+ 1-0

[Event "FIDE Women's World Teams"]
[Site "Astana KAZ"]
[Date "2013.03.04"]
[Round "2.4"]
[White "Abdumalik,Z"]
[Black "Girya,O"]
[Result "0-1"]
[WhiteElo "2187"]
[BlackElo "2440"]
[EventDate "2013.03.03"]

1. e4 c6 2. d4 d5 3. Nd2 dxe4 4. Nxe4 Bf5 5. Ng3 Bg6 6. Nh3 Nf6 7. Nf4 e5 8.
dxe5 Qa5+ 9. c3 Qxe5+ 10. Be2 Be7 11. h4 Ne4 12. Nd3 Qa5 13. Bf4 Nd7 14. Qb3
Ndc5 15. Nxc5 Nxc5 16. Qc4 b5 17. Qd4 Ne6 18. Qe3 h6 19. Be5 O-O 20. h5 Bh7 21.
O-O Bc5 22. Qf3 b4 23. Rae1 Bxf2+ 24. Qxf2 Qxe5 25. Bc4 Qd6 26. cxb4 Qxb4 27. b3
a5 28. Nf5 Bxf5 29. Qxf5 Ng5 30. Re5 a4 31. Qf4 Qb6+ 32. Kh1 Qc7 33. Qe3 Qa7 34.
Qf4 Qc7 35. Qe3 Ra5 36. Rxa5 Qxa5 37. Qe7 Qc3 38. Qe2 a3 39. Rd1 Qf6 40. Rf1 Qd4
41. Rd1 Qf4 42. Rd3 Ne4 43. Kg1 Nf6 44. Rf3 Qd4+ 45. Qe3 Qd1+ 46. Bf1 Nxh5 47.
Qc5 Nf6 48. Rd3 Qa1 49. Qxa3 Re8 50. Qa6 Qc1 51. Qc4 Qa3 52. b4 Qa7+ 53. Qd4
Qxa2 54. Rd2 Qb1 55. Rd1 Qc2 56. Rd2 Qc1 57. Qd3 Qe1 58. Qc2 Qe3+ 59. Kh1 Qf4
60. Kg1 Ng4 0-1

[Event "FIDE Women's World Teams"]
[Site "Astana KAZ"]
[Date "2013.03.04"]
[Round "2.1"]
[White "Lahno,Kateri"]
[Black "Foisor,C"]
[Result "1/2-1/2"]
[WhiteElo "2547"]
[BlackElo "2401"]
[EventDate "2013.03.03"]

1. d4 Nf6 2. c4 g6 3. Nc3 Bg7 4. e4 d6 5. Nf3 O-O 6. Be2 c5 7. O-O Nc6 8. d5 Na5
9. h3 e5 10. a3 b6 11. b4 Nb7 12. Be3 Ne8 13. Rb1 f5 14. a4 f4 15. Bc1 cxb4 16.
Rxb4 h5 17. Rb1 Rf7 18. Na2 Nc5 19. Nb4 Nxe4 20. Nc6 Qf6 21. Bb2 Bf5 22. Ra1 Rb7
23. Re1 Nc5 24. Bc3 Ne4 25. Bb2 Nc5 26. Bc3 Ne4 27. Bb2 Nc5 1/2-1/2

[Event "FIDE Women's World Teams"]
[Site "Astana KAZ"]
[Date "2013.03.04"]
[Round "2.2"]
[White "Bulmaga,I"]
[Black "Muzychuk,M"]
[Result "1/2-1/2"]
[WhiteElo "2354"]
[BlackElo "2479"]
[EventDate "2013.03.03"]

1. e4 c5 2. Nf3 a6 3. c3 d5 4. exd5 Qxd5 5. d4 Nf6 6. Be2 e6 7. O-O cxd4 8. cxd4
Nc6 9. Nc3 Qd6 10. Bg5 Be7 11. Qd2 O-O 12. Bxf6 Bxf6 13. Ne4 Qe7 14. Nxf6+ Qxf6
15. Rad1 b5 16. Bd3 Bb7 17. Be4 Rfd8 18. Qe3 Qe7 19. d5 exd5 20. Bxd5 Qxe3 21.
fxe3 Na5 22. Bxb7 Nxb7 23. Rxd8+ Rxd8 24. Rc1 g6 25. Rc7 Rd1+ 26. Kf2 Nd6 27.
Rc6 Ne4+ 28. Ke2 Rb1 29. Kd3 f5 30. Rc2 Kg7 31. Ke2 Kf6 32. Nd4 Rg1 33. Kd3 Rd1+
34. Ke2 Rg1 35. Kd3 Rd1+ 36. Ke2 1/2-1/2